000 00493nam a2200169 i 4500
001 101235
003 ES-MaACL
005 20250809063512.0
007 t|
008 051014s1967 sp ||||1| spa d
100 1 _aMayeur, Jean-Marie,
_d1933-2013
_979373
245 1 3 _aLa separación de la Iglesia y el Estado /
_cJean-Marie Mayeur.
260 _aMadrid :
_bCid,
_c1967.
300 _aXVII, 197 p. ;
_c20 cm.
852 _aES-MaACL
_jC-31662
_bR.62302
999 _c101235
_d101235